Політекономія (Запис № 332931)

МАРК-запис
000 -LEADER
fixed length control field 00727nam a22002537a 4500
001 - CONTROL NUMBER
control field 46833
003 - CONTROL NUMBER IDENTIFIER
control field UA-OsUOA
005 - DATE AND TIME OF LATEST TRANSACTION
control field 20190926152958.0
007 - PHYSICAL DESCRIPTION FIXED FIELD--GENERAL INFORMATION
fixed length control field ta
008 - FIXED-LENGTH DATA ELEMENTS--GENERAL INFORMATION
fixed length control field 20070706b un ||||| |||| 00| 0 ukr d
020 ## - INTERNATIONAL STANDARD BOOK NUMBER
International Standard Book Number 9668253175
040 ## - CATALOGING SOURCE
Original cataloging agency UA-OsUOA
Language of cataloging ukr
Transcribing agency UA-OsUOA
Modifying agency UA-OsUOA
041 ## - LANGUAGE CODE
Language code of text/sound track or separate title ukr
080 ## - UNIVERSAL DECIMAL CLASSIFICATION NUMBER
Universal Decimal Classification number 330(075.8)
090 ## - LOCALLY ASSIGNED LC-TYPE CALL NUMBER (OCLC); LOCAL CALL NUMBER (OCLC)
Classification number (OCLC) (R) ; Classification number, CALL (RLIN) (NR) 330(075.8)
Local cutter number (OCLC) ; Book number/undivided call number, CALL (RLIN) Н 62
100 ## - MAIN ENTRY--PERSONAL NAME
Personal name Ніколенко Ю.В.
245 ## - TITLE STATEMENT
Title Політекономія
Remainder of title навч. посіб.
Statement of responsibility, etc Ю. В. Ніколенко
260 ## - PUBLICATION, DISTRIBUTION, ETC. (IMPRINT)
Place of publication, distribution, etc К.
Name of publisher, distributor, etc ЦУЛ
Date of publication, distribution, etc 2003
300 ## - PHYSICAL DESCRIPTION
Extent 412 с.
650 #7 - SUBJECT ADDED ENTRY--TOPICAL TERM
Topical term or geographic name as entry element 330 Економіка взагалі
Source of heading or term UDC
942 ## - ADDED ENTRY ELEMENTS (KOHA)
Koha item type Книги
Source of classification or shelving scheme Universal Decimal Classification
955 ## - COPY-LEVEL INFORMATION (RLIN)
Classification number, CCAL (RLIN) Навчальні видання
Фонди
Withdrawn status Lost status Source of classification or shelving scheme Damaged status Not for loan Collection code Home library Current library Date acquired Source of acquisition Cost, normal purchase price Inventory number Total Checkouts Full call number Barcode Date last seen Price effective from Koha item type
    Universal Decimal Classification     Колекція Пасічника І.Д. ЧЗ - Читальна зала ЧЗ - Читальна зала 06/07/2007 124/2007 10.00 105522   330(075.8) Н 62 105522 07/02/2022 06/07/2007 Книги
    Universal Decimal Classification       ЧЗ - Читальна зала ЧЗ - Читальна зала 04/03/2008 23/2008 22.00 111937   330(075.8) Н63 111937 07/02/2022 04/03/2008 Книги